[Event "CRO-CupT final"]
[Site "Sibenik"]
[Date "2015.05.21"]
[Round "2.8"]
[White "Rade, Miroslav"]
[Black "Medak, Bojan"]
[Result "1-0"]
[WhiteElo "2428"]
[BlackElo "2396"]
[PlyCount "103"]
[EventDate "2015.05.20"]
[EventType "team-swiss"]
[EventRounds "6"]
[EventCountry "CRO"]
[SourceTitle "CBM 166 Extra"]
[Source "ChessBase"]
[SourceDate "2015.06.18"]
[SourceVersion "1"]
[SourceVersionDate "2015.06.18"]
[SourceQuality "1"]
[WhiteTeam "Split Brda"]
[BlackTeam "Osijek ETF"]
[WhiteTeamCountry "CRO"]
[BlackTeamCountry "CRO"]

1. e4 d6 2. d4 Nf6 3. Nc3 g6 4. Nf3 Bg7 5. Be2 0-0 6. 0-0 c6 7. h3 Nbd7 8. a4 Qc7 9. Be3 b6 10. Qd2 Bb7 11. Bc4 a6 12. e5 dxe5 13. dxe5 Nxe5 14. Nxe5 Qxe5 15. Bxb6 Nd5 16. Rfe1 Qb8 17. Bxd5 cxd5 18. Rxe7 Bc6 19. a5 Qd6 20. Ree1 Qb4 21. Rab1 Rfe8 22. Red1 d4 23. Ne2 Qxd2 24. Rxd2 Bh6 25. f4 Bb5 26. Nxd4 Bxf4 27. Nxb5 axb5 28. Rd5 Rac8 29. c3 Re2 30. Rf1 Bg3 31. Rd3 Bh4 32. b4 Rc2 33. g3 Be7 34. Rf2 Rxf2 35. Kxf2 Bf6 36. Bd4 Bxd4+ 37. Rxd4 Rxc3 38. Rd5 Ra3 39. Rxb5 Kg7 40. g4 Kf6 41. h4 Ke6 42. g5 f5 43. gxf6 Kxf6 44. Ke2 h6 45. Kd2 g5 46. hxg5+ hxg5 47. Rb8 Ke5 48. Kc2 Kd5 49. Kb2 Ra4 50. Kb3 Ra1 51. Rb5+ Kc6 52. Rc5+ 1-0

[Event "CRO-CupT final"]
[Site "Sibenik"]
[Date "2015.05.20"]
[Round "1.1"]
[White "Saric, Ivan"]
[Black "Rade, Miroslav"]
[Result "1-0"]
[WhiteElo "2641"]
[BlackElo "2428"]
[PlyCount "97"]
[EventDate "2015.05.20"]
[EventType "team-swiss"]
[EventRounds "6"]
[EventCountry "CRO"]
[SourceTitle "CBM 166 Extra"]
[Source "ChessBase"]
[SourceDate "2015.06.18"]
[SourceVersion "1"]
[SourceVersionDate "2015.06.18"]
[SourceQuality "1"]
[WhiteTeam "Rijeka Liburnija"]
[BlackTeam "Split Brda"]
[WhiteTeamCountry "CRO"]
[BlackTeamCountry "CRO"]

1. e4 e5 2. Nf3 Nc6 3. Bb5 a6 4. Ba4 Nf6 5. 0-0 b5 6. Bb3 Bc5 7. c3 d6 8. d4 Bb6 9. a4 Rb8 10. a5 Ba7 11. Be3 Bg4 12. Nbd2 0-0 13. h3 Bh5 14. Qe1 exd4 15. Nxd4 Nxd4 16. Bxd4 c5 17. Bxf6 Qxf6 18. Qe3 Kh8 19. Bd5 Rfe8 20. Rae1 Qe7 21. g4 Bg6 22. Qg3 f6 23. Nf3 Bf7 24. Bxf7 Qxf7 25. Qxd6 Rbd8 26. Qf4 Bb8 27. Qf5 Qe7 28. g5 fxg5 29. Nxg5 g6 30. Qg4 Rf8 31. e5 Rf5 32. f4 Rdf8 33. Ne4 c4 34. Ng3 R5f7 35. Kh2 Rd8 36. Rd1 Rff8 37. Rxd8 Rxd8 38. Rd1 Rd3 39. Qc8+ Kg7 40. Rg1 Qd8 41. Qxd8 Rxd8 42. Ne4 Rd5 43. h4 Ba7 44. Re1 Bb8 45. Kg2 Bc7 46. h5 Bd8 47. hxg6 hxg6 48. Kf3 g5 49. Nxg5 1-0

[Event "CRO-chT"]
[Site "Bol"]
[Date "2014.05.17"]
[Round "5.6"]
[White "Loncar, Robert"]
[Black "Rade, Miroslav"]
[Result "1/2-1/2"]
[WhiteElo "2371"]
[BlackElo "2431"]
[PlyCount "115"]
[EventDate "2014.05.14"]
[EventType "team-swiss"]
[EventRounds "6"]
[EventCountry "CRO"]
[SourceTitle "CBM 160 Extra"]
[Source "ChessBase"]
[SourceDate "2014.07.01"]
[SourceVersion "1"]
[SourceVersionDate "2014.07.01"]
[SourceQuality "1"]
[WhiteTeam "Kastel Stari"]
[BlackTeam "Split Brda"]
[WhiteTeamCountry "CRO"]
[BlackTeamCountry "CRO"]

1. Nf3 Nf6 2. c4 e6 3. d4 d5 4. Nc3 Bb4 5. Qa4+ Nc6 6. a3 Bxc3+ 7. bxc3 Ne4 8. Qc2 0-0 9. e3 Re8 10. Bd3 Na5 11. 0-0 b6 12. Ne5 Ba6 13. f3 Nf6 14. cxd5 Bxd3 15. Qxd3 exd5 16. a4 c5 17. Ra2 Rc8 18. Qf5 Nc6 19. Rd1 Qe7 20. Nd3 cxd4 21. cxd4 Nb4 22. Nxb4 Qxb4 23. Qd3 Rc3 24. Qb5 Qc4 25. Qxc4 Rxc4 26. Bd2 Rec8 27. Rb1 Rc2 28. Rbb2 Rxb2 29. Rxb2 Kf8 30. Kf2 Ke7 31. a5 Rb8 32. Ke2 Ke6 33. Kd3 Ne8 34. e4 Nd6 35. Bf4 Rb7 36. Bxd6 Kxd6 37. Rb5 dxe4+ 38. fxe4 f6 39. g4 Kc6 40. Kc4 a6 41. d5+ Kc7 42. axb6+ Rxb6 43. Rxb6 Kxb6 44. Kb4 g5 45. Kc4 a5 46. h3 h6 47. Kd4 Kb5 48. e5 fxe5+ 49. Kxe5 a4 50. d6 a3 51. d7 a2 52. d8Q a1Q+ 53. Qd4 Qe1+ 54. Kd6 Qf1 55. Qd5+ Kb4 56. Qe4+ Kc3 57. Qe3+ Kc4 58. Ke5 1/2-1/2

[Event "CRO-chT"]
[Site "Bol"]
[Date "2014.05.15"]
[Round "3.4"]
[White "Goric, Esad"]
[Black "Rade, Miroslav"]
[Result "1/2-1/2"]
[WhiteElo "2306"]
[BlackElo "2431"]
[PlyCount "80"]
[EventDate "2014.05.14"]
[EventType "team-swiss"]
[EventRounds "6"]
[EventCountry "CRO"]
[SourceTitle "CBM 160 Extra"]
[Source "ChessBase"]
[SourceDate "2014.07.01"]
[SourceVersion "1"]
[SourceVersionDate "2014.07.01"]
[SourceQuality "1"]
[WhiteTeam "Vinkovci"]
[BlackTeam "Split Brda"]
[WhiteTeamCountry "CRO"]
[BlackTeamCountry "CRO"]

1. Nf3 Nf6 2. b3 g6 3. Bb2 Bg7 4. e3 0-0 5. d4 c5 6. Be2 b6 7. 0-0 Bb7 8. c4 cxd4 9. Bxd4 Na6 10. Bb2 Nc5 11. Nc3 d5 12. Nd2 Rc8 13. Rc1 a6 14. Rc2 dxc4 15. Nxc4 b5 16. Qxd8 Rfxd8 17. Na5 Ba8 18. Rd1 Nfe4 19. Rxd8+ Rxd8 20. Nxe4 Bxe4 21. Rxc5 Bxb2 22. f3 Ba3 23. Rc7 Bd6 24. Rc1 Ba3 25. Rc7 Rd2 26. fxe4 Rxe2 27. Nc6 Kf8 28. Ra7 Bc5 29. Rxa6 Bxe3+ 30. Kf1 Rf2+ 31. Ke1 Rxg2 32. Ra8+ Kg7 33. Nxe7 Rxh2 34. a4 bxa4 35. bxa4 h5 36. Rg8+ Kh6 37. e5 Rg2 38. Nf5+ Kg5 39. Nxe3 Ra2 40. Rf8 Rxa4 1/2-1/2

[Event "CRO-chT"]
[Site "Bol"]
[Date "2014.05.15"]
[Round "2.1"]
[White "Rade, Miroslav"]
[Black "Kozul, Zdenko"]
[Result "0-1"]
[WhiteElo "2431"]
[BlackElo "2595"]
[PlyCount "74"]
[EventDate "2014.05.14"]
[EventType "team-swiss"]
[EventRounds "6"]
[EventCountry "CRO"]
[SourceTitle "CBM 160 Extra"]
[Source "ChessBase"]
[SourceDate "2014.07.01"]
[SourceVersion "1"]
[SourceVersionDate "2014.07.01"]
[SourceQuality "1"]
[WhiteTeam "Split Brda"]
[BlackTeam "Zagreb Zagreb"]
[WhiteTeamCountry "CRO"]
[BlackTeamCountry "CRO"]

1. e4 c5 2. Nf3 d6 3. Bb5+ Bd7 4. Bxd7+ Nxd7 5. 0-0 Ngf6 6. Qe2 Rc8 7. c4 Ne5 8. Nc3 e6 9. b3 Nfd7 10. Bb2 Nc6 11. Qe3 Nde5 12. Ne2 Ng4 13. Qf4 h5 14. Rad1 e5 15. Qg3 g6 16. Nc3 Bh6 17. Nd5 Ne7 18. Nxe7 Qxe7 19. Ne1 Bf4 20. Qh3 Bxh2+ 21. Kh1 f5 22. Nf3 Bf4 23. Nh4 Qf6 24. g3 Bg5 25. f3 Rc7 26. Kg1 Nh6 27. f4 Bxh4 28. Qxh4 Qxh4 29. gxh4 Re7 30. Rde1 Kd7 31. fxe5 dxe5 32. exf5 Nxf5 33. Rxe5 Rxe5 34. Bxe5 Re8 35. Bf6 Re4 36. Kg2 Ke6 37. Bg5 Nxh4+ 0-1

[Event "CRO-chT"]
[Site "Bol"]
[Date "2014.05.14"]
[Round "1.8"]
[White "Vlaic, Branko"]
[Black "Rade, Miroslav"]
[Result "0-1"]
[WhiteElo "2239"]
[BlackElo "2431"]
[PlyCount "110"]
[EventDate "2014.05.14"]
[EventType "team-swiss"]
[EventRounds "6"]
[EventCountry "CRO"]
[SourceTitle "CBM 160 Extra"]
[Source "ChessBase"]
[SourceDate "2014.07.01"]
[SourceVersion "1"]
[SourceVersionDate "2014.07.01"]
[SourceQuality "1"]
[WhiteTeam "Sibenik"]
[BlackTeam "Split Brda"]
[WhiteTeamCountry "CRO"]
[BlackTeamCountry "CRO"]

1. Nf3 Nf6 2. g3 d5 3. Bg2 c6 4. b3 Bg4 5. Bb2 Nbd7 6. c4 e6 7. 0-0 Bd6 8. d3 0-0 9. Nbd2 Re8 10. h3 Bh5 11. Rc1 a5 12. e4 dxe4 13. dxe4 Be5 14. Ba3 Bc7 15. Qc2 b6 16. Rfe1 e5 17. Nf1 Nc5 18. Bxc5 bxc5 19. Rcd1 Qc8 20. g4 Bg6 21. Nh4 Nd7 22. Nf5 Nf8 23. N1e3 Ne6 24. Qb2 f6 25. Qa3 a4 26. b4 cxb4 27. Qxb4 Ba5 28. Ne7+ Kh8 29. Qxa5 Rxe7 30. Qb4 Rb7 31. Qa3 Nd4 32. Rb1 Qb8 33. Rxb7 Qxb7 34. Kh2 h6 35. Rd1 Qb6 36. Rd2 Ne6 37. Qe7 Re8 38. Qa3 Nc5 39. Rb2 Qa5 40. Nf5 Rd8 41. Rc2 Bxf5 42. exf5 Rd3 43. Qb2 Qc7 44. Bf1 Rd1 45. Kg2 Qd6 46. Be2 Rd4 47. Qb4 Kh7 48. Qa5 e4 49. Qc3 Nd3 50. Bxd3 Rxd3 51. Qe1 Qf4 52. Qe2 c5 53. Rb2 a3 54. Rc2 Kh8 55. Kg1 Rxh3 0-1

[Event "CRO-chT2"]
[Site "Bol"]
[Date "2013.09.16"]
[Round "3.3"]
[White "Bender, Ivan"]
[Black "Rade, Miroslav"]
[Result "1/2-1/2"]
[WhiteElo "2252"]
[BlackElo "2440"]
[PlyCount "42"]
[EventDate "2013.09.14"]
[EventType "team-tourn"]
[EventRounds "9"]
[EventCountry "CRO"]
[SourceTitle "CBM 156 Extra"]
[Source "ChessBase"]
[SourceDate "2013.10.22"]
[SourceVersion "1"]
[SourceVersionDate "2013.10.22"]
[SourceQuality "1"]
[WhiteTeam "Dubrovnik"]
[BlackTeam "Split Brda"]
[WhiteTeamCountry "CRO"]
[BlackTeamCountry "CRO"]

1. d4 Nf6 2. Nf3 g6 3. e3 Bg7 4. Be2 0-0 5. c4 d5 6. Nbd2 c5 7. 0-0 cxd4 8. exd4 Nc6 9. b3 dxc4 10. Nxc4 Nd5 11. Bb2 Nf4 12. Nce5 Nxe5 13. Nxe5 Nxe2+ 14. Qxe2 Be6 15. h4 Qd5 16. h5 Rac8 17. hxg6 hxg6 18. Rfe1 Bf5 19. Nc4 Rfe8 20. Ne3 Qe4 21. d5 Qd3 1/2-1/2